[Event "Wuertemberg-ch Seniors 27th"]
[Site "Freudenstadt"]
[Date "2015.07.10"]
[Round "9"]
[White "Schoenegg, Werner"]
[Black "Thonig, Manfred"]
[Result "1/2-1/2"]
[WhiteElo "1880"]
[BlackElo "1629"]
[PlyCount "125"]
[EventDate "2015.07.03"]
[EventType "swiss"]
[EventRounds "9"]
[EventCountry "GER"]
[SourceTitle "EXT 2016"]
[Source "ChessBase"]
[SourceDate "2015.10.08"]
[SourceVersion "1"]
[SourceVersionDate "2015.10.08"]
[SourceQuality "1"]

1. f4 c5 2. Nf3 d6 3. e3 Nc6 4. Be2 Nf6 5. b3 g6 6. Bb2 Bg7 7. 0-0 0-0 8. c4 Bd7 9. Nc3 Re8 10. Nd5 e6 11. Nc3 a6 12. Rb1 Rb8 13. Ng5 h6 14. Nge4 Qe7 15. Ng3 Rbd8 16. Bf3 Bc8 17. Bxc6 bxc6 18. Qf3 Bb7 19. e4 Nd7 20. Nce2 Bxb2 21. Rxb2 Qf6 22. Rc2 a5 23. Nc3 Rf8 24. Qe3 Qd4 25. Qxd4 cxd4 26. Na4 c5 27. Nb2 Nf6 28. Re1 e5 29. fxe5 dxe5 30. Nd3 Nd7 31. Rf1 f6 32. a3 h5 33. h4 Rf7 34. b4 axb4 35. axb4 cxb4 36. Nxb4 Nc5 37. Nd5 Kg7 38. Rb2 Rd6 39. Rb5 Rc6 40. Ra1 Nd3 41. Nb4 Nxb4 42. Rxb4 d3 43. Kf2 Rd6 44. Ra7 Rdd7 45. Ke3 Bc6 46. Rxd7 Rxd7 47. Nh1 f5 48. exf5 gxf5 49. Rb6 Bxg2 50. Rb1 f4+ 51. Kf2 Bh3 52. c5 Rc7 53. Rc1 Kf6 54. Kf3 Kf5 55. Nf2 Bg4+ 56. Kg2 Be2 57. c6 f3+ 58. Kh2 Ke6 59. Rc5 Kf5 60. Rc4 Ke6 61. Rc5 Kf5 62. Rc4 Ke6 63. Rc5 1/2-1/2

[Event "Wuertemberg-ch Seniors 27th"]
[Site "Freudenstadt"]
[Date "2015.07.08"]
[Round "6"]
[White "Limberg, Siegfried"]
[Black "Schoenegg, Werner"]
[Result "1-0"]
[WhiteElo "2032"]
[BlackElo "1880"]
[PlyCount "65"]
[EventDate "2015.07.03"]
[EventType "swiss"]
[EventRounds "9"]
[EventCountry "GER"]
[SourceTitle "EXT 2016"]
[Source "ChessBase"]
[SourceDate "2015.10.08"]
[SourceVersion "1"]
[SourceVersionDate "2015.10.08"]
[SourceQuality "1"]

1. b3 e6 2. Bb2 f5 3. g3 Nf6 4. Bg2 Be7 5. c4 0-0 6. Qc2 c5 7. Nf3 Nc6 8. a3 b6 9. 0-0 Bb7 10. e3 Ne4 11. d3 Ng5 12. Nbd2 Nf7 13. d4 d5 14. cxd5 exd5 15. Qxf5 Ng5 16. Qd3 Nxf3+ 17. Nxf3 c4 18. bxc4 Ba6 19. Nd2 Na5 20. Rfc1 dxc4 21. Qc2 Rc8 22. Bc3 b5 23. Bb4 Nb7 24. Ne4 Qd7 25. Nc3 Nd8 26. Qe4 Bxb4 27. Qd5+ Qf7 28. Qxf7+ Nxf7 29. axb4 Ng5 30. Rxa6 Nf3+ 31. Bxf3 Rxf3 32. Rxa7 g5 33. Rca1 1-0

[Event "Wuertemberg-ch Seniors 27th"]
[Site "Freudenstadt"]
[Date "2015.07.03"]
[Round "1"]
[White "Schoenegg, Werner"]
[Black "Mueller, Rudolf"]
[Result "0-1"]
[WhiteElo "1880"]
[BlackElo "2096"]
[PlyCount "96"]
[EventDate "2015.07.03"]
[EventType "swiss"]
[EventRounds "9"]
[EventCountry "GER"]
[SourceTitle "EXT 2016"]
[Source "ChessBase"]
[SourceDate "2015.10.08"]
[SourceVersion "1"]
[SourceVersionDate "2015.10.08"]
[SourceQuality "1"]

1. f4 b6 2. Nf3 Bb7 3. e3 e6 4. Be2 Ne7 5. b3 Nf5 6. Bb2 Bc5 7. Bd3 Nh4 8. Nxh4 Qxh4+ 9. g3 Qh3 10. Bf1 Qh6 11. Qe2 Bxh1 12. Nc3 Nc6 13. 0-0-0 0-0 14. d4 Bb4 15. Nb1 a5 16. c3 Be7 17. e4 a4 18. b4 g5 19. d5 Na7 20. Qg4 f5 21. exf5 exf5 22. Qe2 Bd6 23. fxg5 Qxg5+ 24. Nd2 Bxd5 25. Bg2 Bxg2 26. Qxg2 Nc6 27. Kb1 Ne5 28. Qd5+ Kg7 29. c4 f4 30. Nf3 Qf5+ 31. Ka1 Rae8 32. gxf4 Qxf4 33. Rg1+ Kf6 34. Bc1 Qxf3 35. Bg5+ Kf5 36. Qd2 Nd3 37. Bh6 Be5+ 38. Kb1 Bf4 39. Bxf4 Nxf4 40. Qxd7+ Re6 41. Qxh7+ Ke5 42. Qxc7+ Kd4 43. Qd7+ Ke3 44. Rg3 Rff6 45. Qxa4 Qxg3 46. hxg3 Nd3 47. Qd1 Rf2 48. g4 Kd4 0-1

[Event "Baden-ch Seniors"]
[Site "Emmendingen"]
[Date "2012.06.07"]
[Round "6"]
[White "Illner, Erwin"]
[Black "Schoenegg, Werner"]
[Result "1-0"]
[WhiteElo "2006"]
[BlackElo "1916"]
[PlyCount "75"]
[EventDate "2012.06.02"]
[EventType "swiss"]
[EventRounds "9"]
[EventCountry "GER"]
[SourceTitle "CBM 148 Extra"]
[Source "ChessBase"]
[SourceDate "2012.06.22"]
[SourceVersion "1"]
[SourceVersionDate "2012.06.22"]
[SourceQuality "1"]

1. e4 e6 2. d4 d5 3. Nc3 Nf6 4. Bg5 Be7 5. e5 Nfd7 6. h4 h6 7. Bxe7 Qxe7 8. Qg4 Kf8 9. 0-0-0 a6 10. f4 b5 11. f5 exf5 12. Qxf5 Nb6 13. Qf3 Be6 14. Nge2 Kg8 15. Nf4 c6 16. Nh5 N8d7 17. Qg3 f5 18. Nf4 Nf8 19. Bd3 Nc4 20. Nh5 f4 21. Nxf4 Qb4 22. Bxc4 bxc4 23. Nh5 g6 24. Rdf1 Kh7 25. Nf6+ Kg7 26. Rf4 Rb8 27. Rhf1 h5 28. Qg5 Qxb2+ 29. Kd2 Qb7 30. g4 Bxg4 31. Nxg4 hxg4 32. Qf6+ Kh7 33. Rb1 Qc7 34. Rxb8 Qxb8 35. Rxg4 Qc8 36. Rg5 Rg8 37. h5 Qd7 38. hxg6+ 1-0

[Event "Baden-ch Seniors"]
[Site "Emmendingen"]
[Date "2012.06.03"]
[Round "2"]
[White "Kessler, Klaus"]
[Black "Schoenegg, Werner"]
[Result "1-0"]
[WhiteElo "1625"]
[BlackElo "1916"]
[PlyCount "77"]
[EventDate "2012.06.02"]
[EventType "swiss"]
[EventRounds "9"]
[EventCountry "GER"]
[SourceTitle "CBM 148 Extra"]
[Source "ChessBase"]
[SourceDate "2012.06.22"]
[SourceVersion "1"]
[SourceVersionDate "2012.06.22"]
[SourceQuality "1"]

1. b3 e5 2. c4 f5 3. Bb2 e4 4. e3 Nf6 5. Be2 Be7 6. Nc3 c6 7. d3 d5 8. Qc2 0-0 9. 0-0-0 Be6 10. Nh3 Na6 11. a3 Qb6 12. Na4 Qc7 13. Ng5 Bd7 14. f4 c5 15. Be5 Qc6 16. dxe4 dxe4 17. Nc3 h6 18. Nh3 Nc7 19. Nf2 a6 20. h3 b5 21. Nb1 Be6 22. g4 bxc4 23. Bxc4 Bxc4 24. Qxc4+ Kh7 25. gxf5 Ncd5 26. Kd2 Rad8 27. Ke2 Nh5 28. Rhg1 Rxf5 29. Nxe4 Nb6 30. Qc2 Qb5+ 31. Kf2 Bh4+ 32. Kg2 Qc6 33. Kh2 Rxd1 34. Rxd1 g6 35. Rd6 Qb5 36. Qg2 g5 37. Qc2 Qf1 38. Nxg5+ Kg8 39. Rd8+ 1-0

[Event "Baden-ch op U2000"]
[Site "Haslach im Kinzigtal"]
[Date "2010.06.06"]
[Round "7"]
[White "Thier, Juergen"]
[Black "Schoenegg, Werner"]
[Result "1-0"]
[WhiteElo "2075"]
[BlackElo "1966"]
[PlyCount "91"]
[EventDate "2010.05.31"]
[EventType "swiss"]
[EventRounds "7"]
[EventCountry "GER"]
[SourceTitle "EXT 2011"]
[Source "ChessBase"]
[SourceDate "2010.11.26"]
[SourceVersion "1"]
[SourceVersionDate "2010.11.26"]
[SourceQuality "1"]

1. Nf3 e6 2. c4 f5 3. Nc3 Nf6 4. h4 b6 5. Ne5 d6 6. Qa4+ Bd7 7. Nxd7 Qxd7 8. Qxd7+ Nfxd7 9. Nb5 Na6 10. g3 c6 11. Bg2 d5 12. Nd4 Rc8 13. cxd5 exd5 14. Nxf5 g6 15. Ne3 Bc5 16. Nc2 0-0 17. 0-0 Rce8 18. e3 Nb4 19. Nxb4 Bxb4 20. d4 Nf6 21. a3 Bd6 22. Bd2 Re7 23. Rac1 c5 24. dxc5 bxc5 25. Bc3 Ne4 26. Bxe4 dxe4 27. Rfd1 Bc7 28. Rd5 Ref7 29. Rc2 Rf3 30. Kg2 R8f5 31. Rxf5 Rxf5 32. Rd2 Bb6 33. Rd7 Rf7 34. Rxf7 Kxf7 35. f3 c4 36. Bd4 exf3+ 37. Kxf3 Ke6 38. Bxb6 axb6 39. Ke4 Kd6 40. Kd4 b5 41. e4 h5 42. e5+ Ke6 43. Kc5 Kxe5 44. Kxb5 Kf5 45. a4 Kg4 46. a5 1-0

[Event "Liechtenstein Seniors op 09th"]
[Site "Triesen"]
[Date "2009.05.21"]
[Round "7"]
[White "Ten Berge, Hans JM"]
[Black "Schoenegg, Werner"]
[Result "1-0"]
[WhiteElo "2061"]
[BlackElo "1954"]
[PlyCount "153"]
[EventDate "2009.05.15"]
[EventType "swiss"]
[EventRounds "9"]
[EventCountry "LIE"]
[SourceTitle "CBM 130 Extra"]
[Source "ChessBase"]
[SourceDate "2009.07.02"]
[SourceVersion "2"]
[SourceVersionDate "2009.07.15"]
[SourceQuality "1"]

1. e4 e6 2. d4 d5 3. Nd2 Nf6 4. e5 Nfd7 5. c3 c5 6. Bd3 Nc6 7. Ndf3 cxd4 8. cxd4 Bb4+ 9. Bd2 Qa5 10. Ne2 Bxd2+ 11. Nxd2 Nb4 12. Bb1 f6 13. Nf4 Qa6 14. Qh5+ Kd8 15. Qf7 Re8 16. Qxg7 fxe5 17. dxe5 Rf8 18. Bxh7 Kc7 19. g3 Kb8 20. a3 Rxf4 21. gxf4 Nc5 22. Rf1 Nbd3+ 23. Bxd3 Nxd3+ 24. Kd1 Nxb2+ 25. Kc1 Nd3+ 26. Kc2 Nxf4 27. Qg3 Ne2 28. Qd3 Qc6+ 29. Kb2 Nf4 30. Qb3 a5 31. Rac1 Qa6 32. Rc3 a4 33. Qc2 Bd7 34. Rf3 Qb6+ 35. Ka2 Ng6 36. Qxg6 Ra5 37. Rc1 Bb5 38. Qc2 Qd4 39. Qc3 Qxc3 40. Rcxc3 d4 41. Rf8+ Ka7 42. Rc7 Bc6 43. f4 Bd5+ 44. Ka1 Bc6 45. Rd8 Rc5 46. Rxc6 bxc6 47. Rxd4 Rc2 48. Rxa4+ Kb6 49. Rd4 c5 50. Rd6+ Kb5 51. h4 Ka4 52. Kb1 Rc3 53. Ra6+ Kb5 54. Kb2 Rh3 55. Rxe6 c4 56. Rf6 c3+ 57. Kc2 cxd2 58. Kxd2 Kc4 59. e6 Kd4 60. e7 Rd3+ 61. Kc2 Rc3+ 62. Kb2 Re3 63. Rd6+ Kc5 64. Rd7 Kc6 65. Rd4 Rxe7 66. f5 Rf7 67. Rf4 Kd5 68. f6 Ke6 69. a4 Rb7+ 70. Kc3 Kf7 71. a5 Rb5 72. Ra4 Kxf6 73. a6 Rb8 74. a7 Ra8 75. Kd4 Ke6 76. Kc5 Kd7 77. Kb6 1-0

[Event "Liechtenstein Seniors op 09th"]
[Site "Triesen"]
[Date "2009.05.18"]
[Round "4"]
[White "Eperjesi, Laszlo"]
[Black "Schoenegg, Werner"]
[Result "1-0"]
[WhiteElo "2294"]
[BlackElo "1954"]
[PlyCount "66"]
[EventDate "2009.05.15"]
[EventType "swiss"]
[EventRounds "9"]
[EventCountry "LIE"]
[SourceTitle "CBM 130 Extra"]
[Source "ChessBase"]
[SourceDate "2009.07.02"]
[SourceVersion "2"]
[SourceVersionDate "2009.07.15"]
[SourceQuality "1"]

1. d4 e6 2. c4 f5 3. g3 Nf6 4. Bg2 Be7 5. Nf3 0-0 6. 0-0 c6 7. Nbd2 d5 8. Qc2 Ne4 9. Ne5 Nd7 10. Nd3 Ndf6 11. Nf3 dxc4 12. Qxc4 Nd6 13. Qb3 Nb5 14. e3 Ne4 15. a4 Nbd6 16. Rd1 Rb8 17. Nc5 Rf6 18. Ne5 Qc7 19. Ned3 b5 20. f3 Ng5 21. e4 h6 22. Bxg5 hxg5 23. Rac1 Bd7 24. Nxd7 Qxd7 25. e5 Ne8 26. Nc5 Qd5 27. Qxd5 cxd5 28. exf6 Bxf6 29. Nd7 Rb7 30. Nxf6+ Nxf6 31. a5 g4 32. Rc6 Kf7 33. Rdc1 Ne8 1-0

[Event "Liechtenstein Seniors op 09th"]
[Site "Triesen"]
[Date "2009.05.17"]
[Round "3"]
[White "Kelecevic, Nedeljko"]
[Black "Schoenegg, Werner"]
[Result "0-1"]
[WhiteElo "2341"]
[BlackElo "1954"]
[PlyCount "72"]
[EventDate "2009.05.15"]
[EventType "swiss"]
[EventRounds "9"]
[EventCountry "LIE"]
[SourceTitle "CBM 130 Extra"]
[Source "ChessBase"]
[SourceDate "2009.07.02"]
[SourceVersion "2"]
[SourceVersionDate "2009.07.15"]
[SourceQuality "1"]

1. d4 e6 2. c4 f5 3. Nf3 Be7 4. d5 d6 5. dxe6 Bxe6 6. Nd4 Bd7 7. Qc2 g6 8. Nc3 Nc6 9. Nf3 Nf6 10. e3 Ne5 11. Be2 Bc6 12. Qd1 Bxf3 13. Bxf3 c6 14. Be2 Qc7 15. Qd4 Nfd7 16. e4 Bf6 17. Qe3 fxe4 18. Nxe4 0-0 19. Nxf6+ Nxf6 20. 0-0 b6 21. f4 Nf7 22. Bf3 Rae8 23. Qd3 d5 24. cxd5 cxd5 25. Be3 Qc4 26. Rfd1 Nd6 27. Bd4 Re1+ 28. Rxe1 Qxd3 29. Rad1 Qf5 30. Re5 Qxf4 31. Rxd5 Nxd5 32. Bxd5+ Nf7 33. Bc3 h5 34. h3 Kh7 35. Rf1 Qe3+ 36. Kh1 Qd3 0-1

[Event "Liechtenstein Seniors op 09th"]
[Site "Triesen"]
[Date "2009.05.17"]
[Round "2"]
[White "Schoenegg, Werner"]
[Black "Hicker, Harald"]
[Result "1-0"]
[WhiteElo "1954"]
[BlackElo "2108"]
[PlyCount "51"]
[EventDate "2009.05.15"]
[EventType "swiss"]
[EventRounds "9"]
[EventCountry "LIE"]
[SourceTitle "CBM 130 Extra"]
[Source "ChessBase"]
[SourceDate "2009.07.02"]
[SourceVersion "2"]
[SourceVersionDate "2009.07.15"]
[SourceQuality "1"]

1. f4 f5 2. Nf3 Nf6 3. b3 g6 4. Bb2 Bg7 5. c4 0-0 6. e3 b6 7. Be2 Bb7 8. 0-0 Re8 9. Ne5 d6 10. Bf3 Ne4 11. Nd3 Nd7 12. Bxg7 Kxg7 13. Qc2 Qc8 14. Nf2 Nxf2 15. Rxf2 e5 16. Bxb7 Qxb7 17. d3 exf4 18. Qc3+ Nf6 19. e4 fxe4 20. Rxf4 Re5 21. dxe4 Nxe4 22. Qf3 c5 23. Nd2 Rae8 24. Rf1 R8e7 25. Rxe4 Rxe4 26. Qf8# 1-0

[Event "GER-ch Seniors-B 20th"]
[Site "Erfurt"]
[Date "2008.08.05"]
[Round "1"]
[White "Krueger, Bernhard"]
[Black "Schoenegg, Werner"]
[Result "0-1"]
[WhiteElo "1494"]
[BlackElo "1749"]
[PlyCount "66"]
[EventDate "2008.08.05"]
[EventType "swiss"]
[EventRounds "9"]
[EventCountry "GER"]
[SourceTitle "CBM 126 Extra"]
[Source "ChessBase"]
[SourceDate "2008.11.05"]
[SourceVersion "1"]
[SourceVersionDate "2008.11.05"]
[SourceQuality "1"]

1. d4 e6 2. Nf3 f5 3. h3 Nf6 4. Bg5 Be7 5. Bxf6 Bxf6 6. g4 b6 7. Qd2 Bb7 8. Rg1 Bxf3 9. exf3 Nc6 10. c3 g6 11. Bd3 d5 12. g5 Bg7 13. f4 Qd6 14. Na3 a6 15. 0-0-0 Kf7 16. Rde1 b5 17. b4 Na5 18. Kc2 Nc4 19. Bxc4 bxc4 20. Rb1 a5 21. Qc1 axb4 22. Rxb4 Bxd4 23. Nb5 Rxa2+ 24. Kd1 Qa6 25. Nxd4 c5 26. Rb2 cxd4 27. cxd4 Qa4+ 28. Ke1 Rc8 29. Rg3 Qa5+ 30. Kf1 Rxb2 31. Qxb2 c3 32. Qc2 Rc4 33. Qb3 c2 0-1

[Event "Baden-ch Seniors"]
[Site "Oberwinden"]
[Date "2007.04.10"]
[Round "5"]
[White "Kollek, Hansjochen"]
[Black "Schoenegg, Werner"]
[Result "0-1"]
[WhiteElo "1452"]
[BlackElo "1961"]
[PlyCount "86"]
[EventDate "2007.04.06"]
[EventType "swiss"]
[EventRounds "9"]
[EventCountry "GER"]
[SourceTitle "CBM 117 Extra"]
[Source "ChessBase"]
[SourceDate "2007.05.09"]
[SourceVersion "1"]
[SourceVersionDate "2007.05.09"]
[SourceQuality "1"]

1. c4 e6 2. g3 f5 3. b3 Nf6 4. Bb2 Be7 5. Bg2 c6 6. Nf3 0-0 7. 0-0 d6 8. Nc3 Na6 9. a3 e5 10. e3 Nc7 11. d4 e4 12. Nd2 d5 13. f4 Qe8 14. h3 Qg6 15. Ne2 Be6 16. Rc1 dxc4 17. Nxc4 Nd7 18. Na5 Nd5 19. Qd2 Rab8 20. b4 Bd8 21. Nc4 Bc7 22. a4 Qf7 23. a5 Nxf4 24. exf4 Bxc4 25. Qe3 Bd3 26. Rc3 Qa2 27. Qd2 Qa4 28. Ra3 Qb5 29. Nc3 Qxb4 30. Re1 Qxd4+ 31. Kh2 Qc5 32. Re3 Bxa5 33. Rxd3 exd3 34. Qxd3 Bb6 35. Ne2 Rbd8 36. Bd4 Qb4 37. Rb3 Qe1 38. Qc4+ Kh8 39. Bc3 Qf2 40. Qe6 Nf6 41. Rxb6 axb6 42. Bb4 Rfe8 43. Be7 Nd5 0-1

[Event "Baden-ch Seniors"]
[Site "Oberwinden"]
[Date "2007.04.09"]
[Round "4"]
[White "Schoenegg, Werner"]
[Black "Bachl, Anton"]
[Result "0-1"]
[WhiteElo "1961"]
[BlackElo "1772"]
[PlyCount "125"]
[EventDate "2007.04.06"]
[EventType "swiss"]
[EventRounds "9"]
[EventCountry "GER"]
[SourceTitle "CBM 117 Extra"]
[Source "ChessBase"]
[SourceDate "2007.05.09"]
[SourceVersion "1"]
[SourceVersionDate "2007.05.09"]
[SourceQuality "1"]

1. f4 Nf6 2. b3 c5 3. Bb2 e6 4. Nf3 Nc6 5. e3 a6 6. Bd3 d5 7. a3 b5 8. c3 c4 9. Bc2 Qb6 10. 0-0 Bd6 11. Qe2 Bxf4 12. Nd4 Nxd4 13. cxd4 Bc7 14. Bc3 a5 15. b4 a4 16. d3 Qd6 17. g3 Bb7 18. Nd2 0-0 19. dxc4 bxc4 20. Rf3 Nd7 21. Qd1 Nb6 22. b5 Qe7 23. Qb1 e5 24. Bxh7+ Kh8 25. Bf5 e4 26. Rf2 g6 27. Bxe4 f5 28. Bb4 Bd6 29. Bxd6 Qxd6 30. Bxf5 gxf5 31. Rxf5 Rxf5 32. Qxf5 Rf8 33. Qh5+ Kg7 34. Nf3 Qh6 35. Qe5+ Qf6 36. Qf4 Qxf4 37. exf4 Re8 38. Ne5 Bc8 39. h4 Bf5 40. g4 Be4 41. Rf1 c3 42. f5 Rf8 43. Kf2 c2 44. Ke3 Rc8 45. Rc1 Rh8 46. h5 Kf6 47. Kf4 Rg8 48. h6 Nc8 49. h7 Rh8 50. g5+ Kg7 51. g6 Nd6 52. Nd7 Nxf5 53. b6 Nxd4 54. Ke3 Nf5+ 55. Kf4 Nd6 56. Nc5 Bxg6 57. Ke5 Nf7+ 58. Kxd5 Rd8+ 59. Kc6 Rd1 60. Ne6+ Kxh7 61. Nf8+ Kh6 62. Nxg6 Rxc1 63. Kc7 0-1

[Event "Baden-ch Seniors"]
[Site "Eppingen"]
[Date "2004.04.09"]
[Round "1"]
[White "Ladstetter, Josef"]
[Black "Schoenegg, Werner"]
[Result "1-0"]
[WhiteElo "2122"]
[BlackElo "2024"]
[PlyCount "63"]
[EventDate "2004.04.??"]
[EventType "swiss"]
[EventRounds "9"]
[EventCountry "GER"]
[SourceTitle "EXT 2005"]
[Source "ChessBase"]
[SourceDate "2004.11.15"]
[SourceVersion "1"]
[SourceVersionDate "2004.11.15"]
[SourceQuality "1"]

1. c4 d6 2. d4 Nf6 3. Nc3 g6 4. e4 Bg7 5. Be2 0-0 6. Nf3 Bd7 7. 0-0 c6 8. Qc2 Na6 9. a3 Nc7 10. Re1 Rc8 11. h3 b5 12. e5 dxe5 13. dxe5 Bf5 14. Qd2 Ne4 15. Nxe4 Bxe4 16. cxb5 cxb5 17. Qe3 Bxf3 18. Bxf3 Ne6 19. Qxa7 Nd4 20. Bd1 Nc6 21. Qb7 Nxe5 22. Be2 Nc4 23. Qxb5 Nxb2 24. Bxb2 Rb8 25. Bxg7 Rxb5 26. Bxf8 Re5 27. Bh6 g5 28. h4 gxh4 29. Rac1 Re6 30. Red1 Rd6 31. Rxd6 exd6 32. Ba6 1-0

[Event "Liechtenstein Seniors op 04th"]
[Site "Triesen"]
[Date "2004.??.??"]
[Round "6"]
[White "Buechele, Walter"]
[Black "Schoenegg, Werner"]
[Result "1/2-1/2"]
[WhiteElo "1772"]
[BlackElo "2024"]
[PlyCount "127"]
[EventDate "2004.05.14"]
[EventType "swiss"]
[EventRounds "9"]
[EventCountry "LIE"]
[SourceTitle "EXT 2005"]
[Source "ChessBase"]
[SourceDate "2004.11.15"]
[SourceVersion "1"]
[SourceVersionDate "2004.11.15"]
[SourceQuality "1"]

1. e4 d6 2. d4 Nf6 3. Nc3 g6 4. Bc4 Bg7 5. Nf3 0-0 6. Be3 c6 7. h3 b5 8. Bd3 Nbd7 9. 0-0 b4 10. Ne2 c5 11. c3 bxc3 12. bxc3 Bb7 13. Ng3 Qc7 14. Qd2 d5 15. e5 Ne4 16. Qc2 f5 17. exf6 Ndxf6 18. Ne5 Nxg3 19. fxg3 Ne4 20. Bxe4 dxe4 21. Bf4 cxd4 22. Qb3+ e6 23. Qxe6+ Rf7 24. Nxf7 Qxf7 25. Qxf7+ Kxf7 26. Be5+ Kg8 27. Bxg7 Kxg7 28. cxd4 Ba6 29. Rfe1 Bd3 30. Rac1 Rd8 31. Rc7+ Kh6 32. Rxa7 Rxd4 33. a4 Rb4 34. a5 Rb5 35. Ra1 e3 36. Re7 e2 37. Kf2 Rf5+ 38. Ke3 Rf1 39. Kxd3 Rxa1 40. Kxe2 Rxa5 41. Kf3 Ra3+ 42. Re3 Ra4 43. h4 Ra5 44. g4 Ra7 45. Kg3 Ra4 46. Kh3 Ra1 47. Re7 g5 48. Re6+ Kg7 49. hxg5 Ra3+ 50. Kh4 Ra2 51. Kg3 Ra5 52. Kf4 Ra2 53. Kf3 Ra3+ 54. Re3 Ra5 55. Kf4 Ra4+ 56. Kf5 Ra5+ 57. Re5 Ra7 58. g6 hxg6+ 59. Kg5 Rb7 60. Rd5 Ra7 61. Rc5 Rb7 62. Rc6 Rb5+ 63. Kh4 Rb7 64. g5 1/2-1/2

[Event "Liechtenstein Seniors op 04th"]
[Site "Triesen"]
[Date "2004.??.??"]
[Round "1"]
[White "Schoenegg, Werner"]
[Black "Mani, Martin"]
[Result "0-1"]
[WhiteElo "2024"]
[BlackElo "1711"]
[PlyCount "80"]
[EventDate "2004.05.14"]
[EventType "swiss"]
[EventRounds "9"]
[EventCountry "LIE"]
[SourceTitle "EXT 2005"]
[Source "ChessBase"]
[SourceDate "2004.11.15"]
[SourceVersion "1"]
[SourceVersionDate "2004.11.15"]
[SourceQuality "1"]

1. f4 d5 2. Nf3 Nf6 3. e3 e6 4. b3 c5 5. Bb2 Nc6 6. Bd3 Bd7 7. a3 a6 8. 0-0 b5 9. c4 Rb8 10. cxd5 exd5 11. Bc2 c4 12. b4 Be7 13. Nc3 Be6 14. Ne2 0-0 15. Qe1 Ne4 16. Ng3 Bf6 17. Bxf6 Nxf6 18. Nh1 d4 19. exd4 Nxd4 20. Nxd4 Qxd4+ 21. Qe3 Rbd8 22. f5 Bc8 23. Qxd4 Rxd4 24. Rad1 Rfd8 25. Rf2 Bb7 26. Ng3 h6 27. Nf1 Be4 28. Ne3 Bxc2 29. Nxc2 Rd3 30. Re2 c3 31. Kf1 cxd2 32. Re3 R3d5 33. Rf3 Ng4 34. Rc3 Rxf5+ 35. Kg1 Nf2 36. Ne3 Nxd1 37. Nxd1 Re5 38. Kf2 Re1 39. Nb2 d1Q 40. Nxd1 Rexd1 0-1

[Event "GER-ch Seniors 15th"]
[Site "Bad Wiessee"]
[Date "2003.05.14"]
[Round "5"]
[White "Servaty, Rudolf"]
[Black "Schoenegg, Werner"]
[Result "0-1"]
[WhiteElo "2176"]
[BlackElo "2011"]
[PlyCount "82"]
[EventDate "2003.05.??"]
[EventType "swiss"]
[EventRounds "9"]
[EventCountry "GER"]
[SourceTitle "EXT 2006"]
[Source "ChessBase"]
[SourceDate "2005.11.24"]
[SourceVersion "1"]
[SourceVersionDate "2005.11.24"]
[SourceQuality "1"]

1. d4 f5 2. g3 Nf6 3. Bg2 e6 4. Nf3 Be7 5. 0-0 0-0 6. b3 Ne4 7. Ne1 d5 8. Nd3 Nd7 9. Bb2 Bf6 10. f3 Ng5 11. Nd2 b6 12. e4 Nxf3+ 13. Bxf3 dxe4 14. Nxe4 fxe4 15. Bxe4 Rb8 16. Qh5 g6 17. Bxg6 hxg6 18. Qxg6+ Bg7 19. Qxe6+ Kh8 20. Nf4 Ne5 21. Qd5 Qxd5 22. Nxd5 Nf3+ 23. Kg2 Bb7 24. c4 Nxd4 25. Rxf8+ Rxf8 26. Re1 Rf7 27. g4 Kh7 28. Kg3 Rf3+ 29. Kg2 Rf7 30. g5 Kg6 31. h4 Kh5 32. Re4 Bxd5 33. cxd5 Nf5 34. Bxg7 Rxg7 35. Kh3 Re7 36. Ra4 a5 37. Rc4 Rd7 38. Rc6 Rxd5 39. Rxc7 Nxh4 40. Rh7+ Kxg5 41. Rg7+ Ng6 0-1

[Event "Wch Seniors 12th"]
[Site "Naumburg"]
[Date "2002.11.01"]
[Round "10"]
[White "Schwagrowski, Bernd"]
[Black "Schoenegg, Werner"]
[Result "1/2-1/2"]
[WhiteElo "1543"]
[BlackElo "2015"]
[PlyCount "47"]
[EventDate "2002.10.21"]
[EventType "swiss"]
[EventRounds "11"]
[EventCountry "GER"]
[SourceTitle "EXT 2006"]
[Source "ChessBase"]
[SourceDate "2005.11.24"]
[SourceVersion "1"]
[SourceVersionDate "2005.11.24"]
[SourceQuality "1"]

1. Nf3 d6 2. d4 Nf6 3. Bf4 g6 4. Nbd2 Bg7 5. e4 0-0 6. Bd3 Nbd7 7. c3 e5 8. dxe5 Nh5 9. Bg5 f6 10. exf6 Nhxf6 11. Nd4 Ne5 12. Qb3+ d5 13. Bc2 c5 14. N4f3 Nxf3+ 15. Nxf3 c4 16. Qb5 Kh8 17. Bxf6 Qxf6 18. Qxd5 Be6 19. Qg5 Qf7 20. 0-0 h6 21. Qe3 g5 22. Rad1 Bg4 23. Rd2 Qh5 24. Ne1 1/2-1/2